000 00821nam a22002177a 4500
003 OSt
005 20260312034952.0
008 260312b |||||||| |||| 00| 0 eng d
020 _a978-9715-183956
040 _aDWCL GS lib
_cOC
082 _aK57j 2010
100 _aKIPLING, RUDYARD
245 _aThe jungle book
_cRUDYARD KIPLING
260 _aNew York
_bLampara publishing House Inc.
_c2010
300 _a127 p
_billustrations
_c20cm
520 _aa collection of stories—primarily following Mowgli, a boy raised by wolves in the Indian jungle.
650 _astrict code of ethics, survival, and social structure that ensures harmony and safety among animals.
650 _a true strength comes from courage, community, and embracing one's unique identity.
700 _aRUDYARD KIPLING
942 _2ddc
_cFIC.
_n0
999 _c9009
_d9009